000 00527nam a2200217Ia 4500
003 0100
008 130227s9999 xx 000 0 und d
040 _cARRUPELIB
050 _aDT36.1.A74 2010
100 _aArenas, Fernando
245 _aLusophone Africa
245 _bbeyond Independence
260 _aLondon
260 _bUniversity of Minnesota
260 _C2010
300 _axxxvii.
300 _b304p.20cm
650 _bTungamirai Josia
650 _cZimbabwe - History - Chimurenga war
942 _2lcc
_01
999 _c6144
_d6144